000 00459nam a2200181Ia 4500
001 9060
005 20260306160655.0
008 260306t2016||||xx |||||||||||||| ||spa||
041 _aESP
082 _a372.47
_bG67
100 _aGonzález Chinchay, Danny
_eAUT
245 0 _aComprensión de lectura:
_bargumentación e interpretación
260 _c2016
300 _a399 páginas :
_c21 cm.
650 _aGEN
654 _aCED
942 _cLIB
_dJUS
_fJUS
_2ddc
_n
999 _c9060
_d9060